| 000 | 01134nam a2200313 i 4500 | ||
|---|---|---|---|
| 003 | DO-SdBNP | ||
| 005 | 20250915145009.0 | ||
| 007 | ta | ||
| 008 | 240201b2023 dr a|||| |||| 00| 0 spa d | ||
| 020 | _a9789945185850 | ||
| 040 |
_aDO-SdBNP _bspa _cBNPHU _erda |
||
| 041 | _aspa | ||
| 082 | 4 |
_axxx _bxxx _222 |
|
| 100 |
_aGuzmán Sánchez, Jhonás, _eautor _4aut. _984828 |
||
| 245 | 1 | 0 |
_aRelatos de Haina : _bmi batey / _cJhonás Guzmán Sánchez ; prólogo, Rafael Chaljub Mejía ; corrección, Mario Díaz |
| 250 | _aPrimera edición | ||
| 264 | 1 |
_aSanto Domingo : _bEdiciones 4 ojos, _c2023. |
|
| 300 |
_a155 páginas : _bilustraciones ; _c22 cm. |
||
| 336 |
_atexto _btxt _2rdacontent |
||
| 337 |
_asin mediación _bn _2rdamedia |
||
| 338 |
_avolumen _bnc _2rdacarrier |
||
| 500 | _aIncluye datos biográficos del autor en la solapa de la cubierta | ||
| 590 | _aInventariado, 2024/BT | ||
| 590 | _aLa biblioteca posee un ejemplar autográfiado por el autor | ||
| 700 | 1 |
_aChaljub Mejía, Rafael, _d1942- _eprologuista _4pr. _918985 |
|
| 700 | 1 |
_aDíaz, Mario, _ecorrector _4corr. _926053 |
|
| 910 | _aBtavárez | ||
| 942 |
_2ddc _cLBS1 |
||
| 999 |
_c55749 _d55749 |
||